| 000 | 00532nam a22001937a 4500 | ||
|---|---|---|---|
| 003 | OSt | ||
| 005 | 20250524144656.0 | ||
| 008 | 250515b |||||||| |||| 00| 0 eng d | ||
| 020 | _a9789351524236 | ||
| 040 | _cddc | ||
| 082 | _a616.15 | ||
| 100 | _aNayak, Ramadas | ||
| 245 |
_aEssentials in Hematology and Clinical Pathology _cRamadas Nayak; Sharada Rai |
||
| 250 | _a2nd. | ||
| 260 |
_aNew Delhi _bCBS Publishers and Distributors Pvt. Ltd _c2024 |
||
| 650 |
_vPhysiotherapy _xHematology |
||
| 942 |
_cBK _2ddc |
||
| 999 |
_c249136 _d249136 |
||